| 000 | 00503nam a2200157 4500 | ||
|---|---|---|---|
| 001 | 118764 | ||
| 003 | ES-MaACL | ||
| 005 | 20230906191154.0 | ||
| 007 | t| | ||
| 008 | 070214s1979 sp r ||||1| spa d | ||
| 100 | 1 |
_aPérez-Bustamante, Rogelio. _990685 |
|
| 245 | 1 | 0 |
_aSociedad, economía, físcalidad y gobierno en las Asturias de Santillana (S.XIII-XV) / _cRogelio Pérez-Bustamante. |
| 260 |
_aSantander : _bEstudio, _c1979. |
||
| 300 |
_a465 p. ; _c22 cm. |
||
| 852 |
_aES-MaACL _jA-10129 _bR.99986 |
||
| 999 |
_c118764 _d118764 |
||